<?xml version="1.0" encoding="UTF-8"?><?xml-stylesheet type="text/xsl" href="static/style.xsl"?><OAI-PMH xmlns="http://www.openarchives.org/OAI/2.0/" xmlns:xsi="http://www.w3.org/2001/XMLSchema-instance" xsi:schemaLocation="http://www.openarchives.org/OAI/2.0/ http://www.openarchives.org/OAI/2.0/OAI-PMH.xsd"><responseDate>2026-04-17T04:26:48Z</responseDate><request verb="GetRecord" identifier="oai:www.recercat.cat:2072/377547" metadataPrefix="marc">https://recercat.cat/oai/request</request><GetRecord><record><header><identifier>oai:recercat.cat:2072/377547</identifier><datestamp>2024-12-20T09:53:26Z</datestamp><setSpec>com_2072_199267</setSpec><setSpec>com_2072_4427</setSpec><setSpec>col_2072_199862</setSpec></header><metadata><record xmlns="http://www.loc.gov/MARC21/slim" xmlns:dcterms="http://purl.org/dc/terms/" xmlns:xsi="http://www.w3.org/2001/XMLSchema-instance" xmlns:doc="http://www.lyncode.com/xoai" xsi:schemaLocation="http://www.loc.gov/MARC21/slim http://www.loc.gov/standards/marcxml/schema/MARC21slim.xsd">
   <leader>00925njm 22002777a 4500</leader>
   <datafield ind2=" " ind1=" " tag="042">
      <subfield code="a">dc</subfield>
   </datafield>
   <datafield ind2=" " ind1=" " tag="720">
      <subfield code="a">Alarcón, B.</subfield>
      <subfield code="e">author</subfield>
   </datafield>
   <datafield ind2=" " ind1=" " tag="720">
      <subfield code="a">Rabanal, R.</subfield>
      <subfield code="e">author</subfield>
   </datafield>
   <datafield ind2=" " ind1=" " tag="260">
      <subfield code="c">2014-01-01</subfield>
   </datafield>
   <datafield ind2=" " ind1=" " tag="520">
      <subfield code="a">We describe some families of differentiable vector fields with the Hopf bifurcation at infinity, without assuming the continuous differentiability. These vector fields have isolated singular points on the plane, and the initial families are obtained by special perturbations at infinity of a vector field with some spectral property, for instance the dissipativity. The strong domination imposed by the spectral condition in the differentiable vector field is used, and then we do not apply the standard Poincaré compactification. Moreover, the perturbation of planar systems with a global period annulus is also considered.</subfield>
   </datafield>
   <datafield ind1="8" ind2=" " tag="024">
      <subfield code="a">http://hdl.handle.net/2072/377547</subfield>
   </datafield>
   <datafield ind2="0" ind1="0" tag="245">
      <subfield code="a">Hopf bifurcation at infinity and dissipative vector fields of the plane</subfield>
   </datafield>
</record></metadata></record></GetRecord></OAI-PMH>